00366nam a2200109Ia 4500008004100000082000800041100001300049245007800062942000600140952009500146999001500241240331s9999 xx 000 0 und d bCRE aLogo. ed 0aCreating a better world with victims of globalization :bLogos- Volume 41 cL 001040708LaWERCLbWERCLcSSCd2024-03-31l0o 337 CREp5533r2024-03-31w2024-03-31yL c2757d2757